El estado de la publicidad y el corporate en España y Latinoamérica : informe anual, 2001 /

Guardado en:
Detalles Bibliográficos
Otros autores: Villafañe, Justo (dir.) Conductor, Alloza, Angel (autor) (autor)
Formato: Libro
Idioma:Español
Publicado: Madrid, España : Pirámide, 2001, c2001
Temas:
Etiquetas: Agrega una etiqueta
Sin etiquetas, Sé el primero en etiquetar este registro!

MARC

LEADER 00000nam^a2200000^a^4500
001 000160704
005 20250521000000.0
009 20260310100734.353
020 |a 84-368-1585-8 
037 |a Acervo ITESO - Biblioteca 
041 |a ESP 
082 |a 659. 10946  |b EST 2001 
100 |a Villafañe, Justo  |e (dir.) 
240 1 4 |a [El estado de la publicidad y el corporate en España y Latinoamérica: informe anual] 
240 1 4 |a [El estado de la publicidad y el corporate en España: informe anual] 
245 1 3 |a El estado de la publicidad y el corporate en España y Latinoamérica :  |b informe anual, 2001 /  |c Dir. y presen. de J. Villafañe. 
264 4 |a Madrid, España :  |b Pirámide,  |c 2001, c2001 
300 |a 317 p. 
336 |a texto  |b txt  |2 rdacontenido 
337 |a sin mediación  |b n  |2 rdamedio 
338 |a volumen  |b nc  |2 rdasoporte 
649 |a XX 
650 |a Publicidad -  |z España -  |x Anuarios 
650 |a Publicidad -  |z España -  |x Informes 
650 |a Publicidad -  |z Latinoamérica -  |x Anuarios 
650 |a Publicidad -  |z Latinoamérica -  |x Informes 
650 |a Comunicación Organizacional 
650 |a Promoción del Producto 
650 |a Promoción del Servicio 
650 |a Marcas (Mercadotecnia) 
650 |a Producto (Mezcla de Mercadotecnia) 
650 |a Mezcla de Mercadotecnia 
650 |a Administración del Producto 
650 |a Empresas -  |x Administración 
650 |a Ciencias Administrativas 
650 |a Medios de Comunicación 
650 |a Comunicación Masiva 
740 3 |a La gestión estratégica de la marca /  |c A. Alloza ; presen. de J. Villafañe. 
700 |a Alloza, Angel  |e (autor) 
910 |a Fondo General 
920 |a Impresos - Libros 
930 |a Colección General 
905 |a 101 
901 |a 0500092303  |b IT1  |c ACC  |u 20250521 
902 |a https://opac.biblio.iteso.mx/vufind/Record/000160704